[Event "TUR-GEO Chess Summit"]
[Site "Ankara TUR"]
[Date "2002.08.12"]
[Round "10"]
[White "Janjgava,N"]
[Black "Erturan,Y"]
[Result "1-0"]
[WhiteElo "2248"]
[BlackElo "2277"]

1.d4 d5 2.c4 e6 3.Nf3 Nf6 4.Nc3 Be7 5.Bf4 O-O 6.e3 c6 7.Qc2 Nbd7 8.Rd1 Qa5
9.Nd2 Bb4 10.Bd3 Bxc3 11.bxc3 b6 12.Bd6 dxc4 13.Nxc4 Qh5 14.Bxf8 Kxf8 15.O-O b5
16.Nd6 e5 17.Be2 Qh6 18.Bf3 e4 19.Nxe4 Nd5 20.c4 bxc4 21.Qxc4  1-0

[Event "TUR-GEO Chess Summit"]
[Site "Ankara TUR"]
[Date "2002.08.14"]
[Round "11"]
[White "Olcayoz,A"]
[Black "Magalashvili,D"]
[Result "0-1"]
[WhiteElo "2312"]
[BlackElo "2178"]

1.d4 d5 2.c4 e6 3.Nc3 Be7 4.Nf3 Nf6 5.Bf4 O-O 6.e3 c5 7.dxc5 Bxc5 8.cxd5 Nxd5
9.Nxd5 exd5 10.a3 Nc6 11.Rc1 Be7 12.b4 Bf6 13.Bb5 Qb6 14.Bxc6 bxc6 15.Be5 Be7
16.Bd4 Qa6 17.Bb2 Rb8 18.Qd4 f6 19.Nd2 c5 20.bxc5 Be6 21.Bc3 Qxa3 22.Ra1 Qxc5
23.Rxa7 Qxd4 24.Bxd4 Bb4 25.Ra2 Ra8 26.Rxa8 Rxa8 27.Ke2 Ra2 28.Rd1 Bd7 29.e4 Ba4
30.Ra1 Rxd2+ 31.Ke3 Bc2 32.Bb6 Bxe4 33.Ra4 Rb2 34.f3 Bd2+ 35.Kd4 Rxb6 36.Ra8+ Kf7
37.fxe4 dxe4 38.Kxe4 Bc3 39.g4 Be5 40.Ra7+ Kg6  0-1

[Event "11th Open"]
[Site "Kavala GRE"]
[Date "2002.08.15"]
[Round "7"]
[White "Malakhatko,V"]
[Black "Dragiev,V"]
[Result "1/2-1/2"]
[WhiteElo "2516"]
[BlackElo "2422"]

1.d4 Nf6 2.c4 e6 3.Nf3 d5 4.Nc3 Be7 5.Bf4 c6 6.e3 O-O 7.Bd3 Nbd7 8.cxd5 Nxd5
9.Bg3 Qa5 10.Qb3 b6 11.Nd2 Ba6 12.Nc4 Qb4 13.O-O Qxb3 14.axb3 Nb4 15.Be4 Nf6
16.Bf3 Nfd5 17.Rfd1 Rfd8 18.e4 Nf6 19.Rd2 Bb7 20.Rad1 Ne8 21.Bf4 h6 22.h3 Kf8
23.g3 c5 24.d5 exd5 25.exd5 Bg5 26.Be3 Nf6 27.h4 Bxe3 28.fxe3 Ba6 29.Kf2 Nd7
30.e4 Bxc4 31.bxc4 Ne5 32.b3 Rd6 33.Be2 a6 34.Rb2 Ke7 35.Ke3 Kd7 36.Rg1 Re8
37.Bf1 Kc7 38.Bh3 Rf6 39.Rf1 Rxf1 40.Bxf1 f5 41.Bh3 fxe4 42.Rf2 Nbd3 43.Rf1 Nb4
44.Be6 Nc2+ 45.Kxe4 Kd6 46.Rf5 Ng4 47.Rf7 Nf6+ 48.Kd3 Nb4+ 49.Ke2 Re7 50.Rf8 b5
51.Rc8 bxc4 52.bxc4 Rc7 53.Rd8+ Ke5 54.Ke3 Nc2+ 55.Kd2 Nd4 56.Bc8 Ra7 57.Na4 Ne4+
58.Kd3 Re7 59.Rf8 Kd6 60.Bxa6 Nxg3 61.Rd8+ Kc7 62.Rc8+ Kd6 63.Nxc5 Ngf5 64.Ne4+ Ke5
65.d6 Ra7 66.Re8+ Kf4 67.Bc8 Ra3+ 68.Nc3 Nxd6 69.Rd8 N4f5 70.Bxf5 Nxf5 71.c5 Ra6
72.Kc4 g5 73.hxg5 hxg5 74.Kb5 Ra3 75.Nd5+ Ke5 76.Nb4 Rc3 77.Re8+ Kf6 78.Nd5+ Kf7
79.Re4 Rc1 80.Kb6 Rb1+ 81.Kc7 Rd1 82.Re5 Nd4 83.Re7+ Kg6 84.Nc3 Rc1 85.Ne4 g4
86.Re5 Nf3 87.Rd5 Re1 88.Ng3 Kf6 89.Nh5+ Ke6 90.Nf4+ Kf6 91.Kd6 Ng5 92.c6 Nf7+
93.Kc5 Rc1+ 94.Kb6 Rb1+ 95.Ka6 Ra1+ 96.Kb7 Rb1+ 97.Kc8 Rf1 98.Nh5+ Ke6 99.Rd2 Nd6+
100.Kc7 Rf7+ 101.Kb8 Rf8+ 102.Ka7 Rf7+ 103.Ka6 Ne4 104.Rd8 Nd6 105.Kb6 Nc4+
106.Kb5 Ne5 107.Rg8 Rc7 108.Re8+ Kd6  1/2-1/2

[Event "ADCF Masters"]
[Site "Abu Dhabi UAE"]
[Date "2002.08.17"]
[Round "6"]
[White "Mulla Jumma,T"]
[Black "Al Marri,O"]
[Result "0-1"]
[WhiteElo "2053"]
[BlackElo "2076"]

1.d4 d5 2.c4 e6 3.Nc3 Be7 4.Nf3 Nf6 5.Bf4 O-O 6.e3 Nbd7 7.Rc1 dxc4 8.Bxc4 a6
9.O-O b5 10.Be2 Bb7 11.Re1 c5 12.dxc5 Nxc5 13.Qxd8 Rfxd8 14.Red1 Rac8 15.h3 Nd5
16.Nxd5 Bxd5 17.Be5 Bxa2 18.Rxd8+ Rxd8 19.Ra1 Bd5 20.Bd4 Ra8 21.Ne5 Nb3 22.Rd1 Nxd4
23.exd4 Rc8 24.Nd3 g6 25.Ra1 Bb7 26.b4 Rc2 27.Bf1 Bf6 28.Rc1 Rxc1 29.Nxc1 Bxd4
30.Nb3 Bc3 31.Nc5 Bc8 32.Nd3 e5 33.f3 f5 34.Kf2 e4 35.fxe4 fxe4 36.Nc5 Bxb4
37.Nxe4 Be7 38.Ke3 b4 39.Kd4 b3 40.Kc3 Be6 41.Bxa6 Bd5 42.Bd3 Kf7 43.g4 Bf6+
44.Nxf6 Kxf6 45.h4 h6 46.Kd4 Be6 47.h5 g5 48.Kc3 Bxg4 49.Kxb3 Bxh5 50.Kc3 Bg6
51.Be2 h5 52.Kd4 g4 53.Ke3 Kg5 54.Kf2 h4 55.Kg2 Kf4 56.Kh2 Bf5 57.Bf1 g3+
58.Kg1 h3 59.Kh1  0-1

[Event "Open"]
[Site "Birstonas LIT"]
[Date "2002.08.18"]
[Round "2"]
[White "Romanova,I"]
[Black "Krivonosov,O"]
[Result "0-1"]
[WhiteElo "2244"]
[BlackElo "2439"]

1.d4 d5 2.c4 e6 3.Nf3 Nf6 4.Nc3 Be7 5.Bf4 O-O 6.e3 Nbd7 7.Qc2 c5 8.dxc5 Nxc5
9.Be2 dxc4 10.Bxc4 a6 11.a4 Qa5 12.O-O Bd7 13.e4 Bc6 14.Rfe1 Rfd8 15.Bd2 Qc7
16.Rac1 Qd7 17.a5 Rac8 18.Bf4 Qe8 19.b3 Bb5 20.Red1 Bxc4 21.bxc4 Rxd1+ 22.Rxd1 Rd8
23.Rb1 Qc6 24.e5 Nfd7 25.h3 h6 26.Be3 Qc7 27.Ne4 Rb8 28.Nxc5 Bxc5 29.Bxc5 Nxc5
30.Qd2 Rd8 31.Qb4 Rd3 32.Ne1 Rd7 33.Nf3 Qc6 34.Qc3 Qa4 35.Nd4 Rc7 36.f4 Ne4
37.Qd3 Rxc4 38.Qxe4 Rxd4 39.Qxb7 Qxa5 40.Qc8+ Rd8 41.Qc4 Qd5 42.Qxd5 Rxd5
43.Rb8+ Kh7 44.Ra8 g5 45.g3 gxf4 46.gxf4 Kg6 47.Kf2 Rd4 48.Ke3 Ra4 49.Ra7 a5
50.Kf3 Ra1 51.Kg2 a4 52.Kh2 a3 53.Kg2 a2 54.Kh2 h5 55.Kg2 h4 56.Kh2 Rf1 57.Rxa2 Rxf4
58.Kg2 Kf5 59.Ra5 Ke4 60.Rb5 Rf5 61.Rb4+ Kxe5 62.Rxh4 Kf6 63.Kg3 Ra5 64.Rf4+ Kg6
65.Rf3 f5 66.Kf4 Ra4+  0-1

[Event "WY ol"]
[Site "Kuala Lumpur MAS"]
[Date "2002.08.25"]
[Round "7"]
[White "Wang Yue"]
[Black "Akbarinia,S"]
[Result "1-0"]
[WhiteElo "2455"]
[BlackElo "2257"]

1.d4 d5 2.c4 e6 3.Nc3 Be7 4.Nf3 Nf6 5.Bf4 O-O 6.e3 c5 7.dxc5 Bxc5 8.a3 a6
9.cxd5 Nxd5 10.Nxd5 exd5 11.Bd3 Be7 12.O-O Nc6 13.Rc1 Bf6 14.Bb1 Bg4 15.Rc5 d4
16.h3 Bxf3 17.Qxf3 dxe3 18.fxe3 Bxb2 19.Rd5 Qe8 20.Bd6 Ne7 21.Qe4 Ng6 22.Bxf8 Nxf8
23.Rdf5 f6 24.Qxb7 Rb8 25.Qe4 Be5 26.Qc4+ Kh8 27.Qxa6 Rb2 28.Qd3 Qb8 29.Qe4 g6
30.Qxe5 gxf5 31.Qxf6+ Kg8 32.Qxf5  1-0

[Event "XIV Open"]
[Site "Porto San Giorgio ITA"]
[Date "2002.08.26"]
[Round "7"]
[White "Farago,I"]
[Black "Arlandi,E"]
[Result "1-0"]
[WhiteElo "2502"]
[BlackElo "2454"]

1.d4 d5 2.c4 e6 3.Nf3 Nf6 4.Nc3 Be7 5.Bf4 O-O 6.e3 c5 7.dxc5 Bxc5 8.cxd5 Nxd5
9.Nxd5 exd5 10.a3 Nc6 11.Bd3 Be7 12.O-O Bf6 13.Qc2 g6 14.Rad1 Qb6 15.b4 a6
16.Bd6 Be7 17.Bxe7 Nxe7 18.Rc1 Qf6 19.Nd4 Rb8 20.h3 Rd8 21.Qc7 Bd7 22.Rc5 Kg7
23.Rfc1 Bf5 24.Bxf5 Nxf5 25.Nxf5+ Qxf5 26.Rd1 Rdc8 27.Qd6 Rd8 28.Qb6 Rd7
29.Rc7 Rxc7 30.Qxc7 Rc8 31.Qxb7 Rc2 32.Rf1 Qd3 33.a4 Ra2 34.Qc6 Qc4 35.Qd6 h5
36.Qe5+ Kh7 37.a5 Rd2 38.Qe7 Kg7 39.Qe5+ Kh7 40.Qf6 Kg8 41.Ra1 Qxb4 42.Rc1 Qb7
43.Qd8+ Kg7 44.Rc8 Kh6 45.Qh8+ Kg5 46.Qe5+ f5 47.h4+  1-0

[Event "Banc-Post A1"]
[Site "Miercurea Ciuc ROM"]
[Date "2002.08.27"]
[Round "3"]
[White "Haragos,K"]
[Black "Stuermer,M"]
[Result "1-0"]
[WhiteElo "2128"]
[BlackElo "2052"]

1.d4 Nf6 2.Nf3 d5 3.c4 e6 4.Nc3 Be7 5.Bf4 Nbd7 6.e3 c6 7.h3 O-O 8.a3 dxc4
9.Bxc4 Nb6 10.Bd3 Nbd5 11.Bh2 Qa5 12.Qc1 Nxc3 13.Qxc3 Qxc3+ 14.bxc3 b6 15.a4 c5
16.a5 Bb7 17.O-O Ne4 18.c4 Rfc8 19.Rfb1 Bd8 20.Rb2 f6 21.Ne1 cxd4 22.exd4 Bc6
23.f3 Ng5 24.axb6 axb6 25.Rba2 Rxa2 26.Rxa2 Ra8 27.Rxa8 Bxa8 28.Kf2 h6 29.Nc2 Nf7
30.Ke3 Kf8 31.Be4 Bxe4 32.fxe4 Ke7 33.Na3 Kd7 34.Nb5 g6 35.Kd3 f5 36.exf5 exf5
37.c5 h5 38.Kc4 bxc5 39.dxc5 Bf6 40.Kd5 Nd8 41.Na7 g5 42.c6+ Nxc6 43.Nxc6 g4
44.Bf4 Bc3 45.Nd4 gxh3 46.gxh3 Ke7 47.Nxf5+ Kf6 48.Ke4 Be1 49.Ne3 Kg6 50.Ng2 Bf2
51.Be3 Bg3 52.Kf3 Bc7 53.Nf4+  1-0

[Event "GM"]
[Site "Rostock GER"]
[Date "2002.08.27"]
[Round "4"]
[White "Naumann,A"]
[Black "Baramidze,D"]
[Result "1-0"]
[WhiteElo "2507"]
[BlackElo "2351"]

1.d4 d5 2.c4 e6 3.Nc3 Be7 4.Nf3 Nf6 5.Bf4 O-O 6.e3 dxc4 7.Bxc4 c5 8.O-O Nc6
9.dxc5 Bxc5 10.a3 a6 11.b4 Be7 12.Qe2 Nh5 13.Rac1 b5 14.Bd3 Nxf4 15.exf4 g6
16.Be4 Bb7 17.Rfd1 Qe8 18.Ne5 Rd8 19.Rxd8 Nxd8 20.Rd1 Bf6 21.Bxb7 Nxb7 22.Nd7 Bxc3
23.Nxf8 Qxf8 24.Qf3 Bb2 25.Qxb7 Bxa3 26.Qxa6 Qxb4 27.g3 Qb3 28.Qa8+ Kg7 29.Rd7 Bf8
30.Qa1+ Kg8 31.h3 Bg7 32.Qa7 Qb1+ 33.Kh2 Qc2 34.Rc7 Bc3 35.Qc5 h5 36.Rb7 Qd2
37.Qe3 b4 38.Qxd2 Bxd2 39.Kg2 Kg7 40.Kf3 Bc3 41.Ke4 Be1 42.Ke3 Kf6 43.Ke2 Bc3
44.f3 e5 45.Rb6+ Ke7 46.fxe5 Bxe5 47.f4 Bc3 48.Kf3 Be1 49.Rb5 Kf6 50.Rc5 Bc3
51.Ke4 Be1 52.Rc6+ Ke7 53.g4 hxg4 54.hxg4 f6 55.Rb6 Bd2 56.Rb7+ Ke6 57.Rb6+ Ke7
58.Ra6 Kf7 59.Ra2 Bc3 60.Kd5 f5 61.Ra7+ Ke8 62.Ke6 Kd8 63.g5 Kc8 64.Kf7 Kb8
65.Rd7  1-0

[Event "RUS vs. ROW"]
[Site "Moscow RUS"]
[Date "2002.09.09"]
[Round "4"]
[White "Karpov,An"]
[Black "Anand,V"]
[Result "1/2-1/2"]
[WhiteElo "2687"]
[BlackElo "2755"]

1.d4 Nf6 2.Nf3 e6 3.c4 d5 4.Nc3 Be7 5.Bf4 O-O 6.e3 c5 7.dxc5 Bxc5 8.a3 Nc6
9.cxd5 Nxd5 10.Nxd5 exd5 11.Bd3 Bb6 12.O-O Bg4 13.h3 Bh5 14.Rc1 Re8 15.b4 a6
16.Bxa6 Rxa6 17.b5 Rxa3 18.bxc6 bxc6 19.Rxc6 Ra7 20.Rd6 Rd7 21.Qxd5 Rxd6
22.Qxd6 Qxd6 23.Bxd6 Rd8 24.Bg3 Bc5 25.Rc1 Bf8 26.Nd4 Bg6 27.Rc7 h6 28.h4 Re8
29.Nb5 Rb8 30.Nc3 Re8 31.Kh2 Bf5 32.Nb5 Rc8 33.Ra7 Bc5 34.Ra1 Rd8 35.Rc1 Rc8
36.Rd1 Bc2 37.Rd2 Bb4 38.Rd7 Bf5 39.Rd5 Be6 40.Rd1 Be7 41.Nd4 Bd7 42.e4 Rd8
43.Rb1 Bc5 44.Ne2 Be7 45.f3 Bc6 46.Rb6 Bd7 47.Nf4 Bf8 48.h5 Rc8 49.Nd5 Be6
50.Nc7 Bc4 51.Bf4 Rd8 52.Rc6 Bb3 53.Rc3 Ba2 54.Nb5 Be6 55.Nc7 Ba2 56.Kg3 Be7
57.Nb5 Be6 58.Rc7 Bf8 59.Rc1 Bb3 60.Be5 f6 61.Bf4 Bf7 62.Kg4 Be6+ 63.Kh4 Bf7
64.g4 Be6 65.Kg3 Bf7 66.Rc3 Bb4 67.Rc7 Be6 68.Rb7 Bc5 69.Nc7 Bc4 70.Rb2 Be7
71.Rc2 Bf7 72.Rc6 Bb3 73.Kf2 Rd3 74.Ke2 Rd4 75.Ke3 Rc4 76.Nd5 Bf8 77.Rxc4 Bxc4
78.Kf2 Kf7 79.Be3 Bd6 80.Bd4 Bb3 81.Ne3 Bf8 82.Nf5 Bd1 83.Be3 Ba4 84.Bf4 Bc5+
85.Kg3 Bd7 86.Bc7 Bb4 87.f4 Bc6 88.Kf3 Bd2 89.Bd6 Bc1 90.Bc5 Ba8 91.Bd4 Ba3
92.Be3 Bc6 93.Bd2 Bc5 94.Ba5 Ba4 95.Bc7 Bd1+ 96.Kg3 Bc2 97.e5 fxe5 98.fxe5 Bb3
99.Bd6 Bb6 100.Bb4 Be6 101.Kf4 Ba2 102.Bc3 Be6 103.Nd6+ Kg8 104.Ne4 Bg1 105.Be1 Bb6
106.g5 hxg5+ 107.Nxg5 Bc8 108.Bb4 Bd8 109.Nf3 Be6 110.Nd4 Bf7 111.Kg4 Bb6
112.Nf3 Be6+ 113.Kf4 Bf7 114.Ke4  1/2-1/2

[Event "FSIMC Sept"]
[Site "Budapest HUN"]
[Date "2002.09.16"]
[Round "10"]
[White "Galyas,M"]
[Black "Le Kieu Thien Kim"]
[Result "1-0"]
[WhiteElo "2407"]
[BlackElo "2256"]

1.d4 d5 2.c4 e6 3.Nc3 Nf6 4.Nf3 Be7 5.Bf4 O-O 6.e3 c5 7.dxc5 Bxc5 8.cxd5 Nxd5
9.Nxd5 Qxd5 10.Qxd5 exd5 11.a3 Bf5 12.Rd1 Rd8 13.Bd3 Bg4 14.Be4 Be6 15.Ng5 h6
16.Nxe6 fxe6 17.O-O Nc6 18.Bb1 Bd6 19.Ba2 Bxf4 20.exf4 Rf8 21.Rfe1 Rae8 22.Rxe6 Rxe6
23.Bxd5 Nd8 24.Re1 Rxf4 25.Bxe6+ Kf8 26.Bd5 Rd4 27.Bf3 Rd2 28.Rd1 Rxd1+ 29.Bxd1 Ke7
30.f4 Ne6 31.g3 Nc5 32.Bc2 Kd6 33.Kf2 Nd7 34.Ke3 Nf6 35.Kd4 b6 36.Bd1 Ke6
37.Bf3 Kd6 38.h4 Ke6 39.g4 Kd6 40.g5 hxg5 41.fxg5 Nd7 42.h5 Nf8 43.h6 Ne6+
44.Ke3 gxh6 45.gxh6 Ng5 46.Kf4 Nf7 47.h7 Ke6 48.Bh5 Nh8 49.Kg5 Ke5 50.Be2 Ke6
51.Bc4+ Ke5 52.b3 a5 53.a4  1-0

[Event "ECC"]
[Site "Halkidiki GRE"]
[Date "2002.09.26"]
[Round "5"]
[White "Onischuk,Al"]
[Black "Kruppa,Y"]
[Result "1-0"]
[WhiteElo "2644"]
[BlackElo "2544"]

1.d4 e6 2.c4 d5 3.Nc3 Be7 4.Nf3 Nf6 5.Bf4 O-O 6.e3 c5 7.dxc5 Bxc5 8.a3 Nc6
9.Qc2 Qa5 10.Nd2 Be7 11.Bg3 Bd7 12.Be2 Rfc8 13.O-O Qb6 14.b4 d4 15.c5 Qd8
16.Nb5 e5 17.exd4 a6 18.dxe5 axb5 19.exf6 Bxf6 20.Rad1 Nd4 21.Qd3 Rxa3 22.Qxa3 Nxe2+
23.Kh1 Nc3 24.Rde1 Ra8 25.Qb3 Bc6 26.Bd6 h5 27.Re3 Bd5 28.Qc2 Ra2 29.Qc1 Na4
30.Rfe1 Bc6 31.Ne4 Bd4 32.R3e2 Rxe2 33.Rxe2 Nb2 34.Rd2 Bxe4 35.Rxd4 Nd3 36.Qe3 Qa8
37.h3 f5 38.Rxd3 Qa1+ 39.Kh2 Qf1 40.Qg5 Qxd3 41.Qxh5 Bc6 42.Qg5 Qe4 43.f3 Qe6
44.h4 Kh7 45.Qf4 Bd7 46.Be5 Qh6 47.Qd4 Bc6 48.Qd8 Qe6 49.Bb2 Qf7 50.Qg5 Be8
51.Kg1 Qg6 52.Qe7 Qf7 53.Qe5 Bc6 54.Kf2 Bd7 55.Bc3 Qf6 56.Qxf6 gxf6 57.Bxf6 Kg6
58.Bg5 Be6 59.Ke3 Bc4 60.Bd8 Bb3 61.Kf4 Bc2 62.Ke5 Kh5 63.Kd6 Bb3 64.Kc7 Bd5
65.Kb6 Bc6 66.Bg5 Kg6 67.g4 fxg4 68.fxg4 Kf7 69.h5 Ke6 70.Bd2 Kf6 71.g5+  1-0

[Event "Eu Rapid Ch"]
[Site "Panormo GRE"]
[Date "2002.09.30"]
[Round "4"]
[White "Banikas,H"]
[Black "Barsov,A"]
[Result "1-0"]
[WhiteElo "2521"]
[BlackElo "2550"]

1.d4 e6 2.Nf3 d5 3.c4 Nf6 4.Nc3 Be7 5.Bf4 O-O 6.e3 c5 7.dxc5 Bxc5 8.cxd5 Nxd5
9.Nxd5 exd5 10.Bd3 Bb4+ 11.Ke2 Nc6 12.Qc2 g6 13.Rhd1 Bd6 14.Bxd6 Qxd6 15.h3 d4
16.Be4 Nb4 17.Qc4 Be6 18.Qxd4 Qa6+ 19.Ke1 Qa5 20.Kf1 f5 21.Ng5 Rad8 22.Qc3 Rc8
23.Qa3 Bc4+ 24.Kg1  1-0

[Event "EuYCh G18"]
[Site "Peniscola ESP"]
[Date "2002.10.01"]
[Round "3"]
[White "Motoc,A"]
[Black "Sharevich,A"]
[Result "1-0"]
[WhiteElo "2264"]
[BlackElo "2145"]

1.d4 d5 2.c4 e6 3.Nc3 Be7 4.Nf3 Nf6 5.Bf4 O-O 6.e3 b6 7.cxd5 exd5 8.Be2 Bb7
9.O-O a6 10.Rc1 c5 11.dxc5 bxc5 12.Qb3 Ra7 13.Rfd1 Nbd7 14.Ne5 Nb6 15.Bf3 c4
16.Qc2 Qa8 17.a4 Bb4 18.Ra1 Bxc3 19.Qxc3 a5 20.Qd4 Ra6 21.Bg5 Qd8 22.e4 Qd6
23.exd5 Nbxd5 24.Bxf6 gxf6 25.Nxc4  1-0

[Event "11th Monarch Assurance"]
[Site "Port Erin IOM"]
[Date "2002.10.01"]
[Round "4"]
[White "Williams,Si"]
[Black "Fox,An"]
[Result "1-0"]
[WhiteElo "2421"]
[BlackElo "2142"]

1.d4 d5 2.c4 e6 3.Nc3 Nf6 4.Nf3 Be7 5.Bf4 O-O 6.e3 c5 7.dxc5 Bxc5 8.Qc2 Nc6
9.a3 Qa5 10.O-O-O Be7 11.g4 dxc4 12.Bxc4 Nd7 13.h4 Nde5 14.Ng5 g6 15.Bb3 Bxa3
16.bxa3 Qxa3+ 17.Qb2 Qxb2+ 18.Kxb2 Nxg4 19.Bg3 b6 20.h5 h6 21.Nge4 g5 22.Nb5 a6
23.Nbd6 Kg7 24.Rhe1 Nf6 25.Nxf6 Kxf6 26.Ne4+ Kg7 27.Rd6 Na5 28.Rc1 Nxb3 29.Kxb3 Ra7
30.Be5+ f6 31.Nxf6  1-0

[Event "European Seniors"]
[Site "Saint Vincent ITA"]
[Date "2002.10.01"]
[Round "4"]
[White "Karl,H"]
[Black "McDonald Ross,M"]
[Result "0-1"]
[WhiteElo "2282"]
[BlackElo "2169"]

1.d4 d5 2.c4 e6 3.Nc3 Be7 4.Nf3 Nf6 5.Bf4 O-O 6.e3 b6 7.Bd3 c5 8.O-O Nc6
9.cxd5 exd5 10.h3 Bb7 11.Rc1 a6 12.Bb1 Re8 13.Re1 g6 14.Bg5 Rc8 15.Rc2 c4
16.Rc1 b5 17.a3 Ne4 18.Nxe4 dxe4 19.Bxe7 Nxe7 20.Nd2 Nf5 21.Qg4 Qd5 22.Nf1 Nd6
23.Ng3 Rc7 24.Ne2 Qf5 25.Qg3 Qd7 26.Qg5 Qe7 27.Qf4 a5 28.Red1 b4 29.Ba2 Qd8
30.d5 Rc5 31.Rd4 Ba6 32.Ng3 f5 33.Nf1 Rc8 34.h4 Kh8 35.h5 g5 36.Qg3 Qf6 37.Nd2 c3
38.bxc3 Rxc3 39.Rxc3 bxc3 40.Nb3 c2 41.Nc1 Bd3 42.Kh2 f4 43.Qh3 Nf5 44.Ra4 Rg8
45.f3 fxe3 46.Bb3 g4 47.fxg4 Qe5+ 48.g3 Nd4 49.d6 Nxb3 50.Nxb3 e2  0-1

[Event "7th ECCW"]
[Site "Antalya TUR"]
[Date "2002.10.03"]
[Round "5"]
[White "Khusnutdinova,L"]
[Black "Dzagnidze,N"]
[Result "1/2-1/2"]
[WhiteElo "2312"]
[BlackElo "2281"]

1.d4 Nf6 2.Nf3 e6 3.c4 Be7 4.Nc3 d5 5.Bf4 O-O 6.e3 a6 7.a4 b6 8.Bd3 dxc4
9.Bxc4 Bb7 10.h3 Nbd7 11.O-O c5 12.Qe2 Nd5 13.Bg3 N7f6 14.Rac1 cxd4 15.exd4 Nh5
16.Be5 Nhf4 17.Qd1 Rc8 18.Ne2 Bg5 19.Nxf4 Bxf4 20.Rc2 Bh6 21.Qe2 Qd7 22.b3 b5
23.axb5 axb5 24.Bxd5 Bxd5 25.Rxc8 Rxc8 26.Rb1 f6 27.Bg3 Bc1 28.Ne1 Rc3 29.Nd3 Ba3
30.Nf4 Rxb3 31.Rxb3 Bxb3 32.Qe3 g5 33.Nh5 Qf7 34.Qxb3 Be7 35.Nxf6+ Bxf6 36.Qxb5 h6
37.Qc5 Bg7 38.Qd6 Bf8 39.Qd8 Kh7 40.h4 gxh4 41.Bxh4 Bg7 42.Bg3 Qh5 43.f3 Qf5
44.Qd7 Kg6 45.Qd6 Bf6 46.Kh2 Qh5+ 47.Kg1 Qf5 48.Kh2 Qh5+ 49.Kg1 Qf5  1/2-1/2

[Event "11th Monarch Assurance"]
[Site "Port Erin IOM"]
[Date "2002.10.03"]
[Round "6"]
[White "Dougherty,M"]
[Black "Fox,An"]
[Result "1/2-1/2"]
[WhiteElo "2320"]
[BlackElo "2142"]

1.d4 d5 2.Nf3 Nf6 3.c4 e6 4.Nc3 Be7 5.Bf4 O-O 6.Qc2 c5 7.dxc5 Bxc5 8.O-O-O Qa5
9.a3 Nc6 10.e3 Be7 11.h4 a6 12.Ng5 dxc4 13.Bxc4 h6 14.Nce4 Nxe4 15.Nxe4 b5
16.Bb3 Bb7 17.Rd7 Rac8 18.Rxb7 Nb4 19.Bc7 Nxc2 20.Bxa5 Nd4+ 21.Kb1 Nxb3 22.Rxe7 Nxa5
23.Rd1 Nc6 24.Rb7 Rcd8 25.Rd6 Rxd6 26.Nxd6 Ne5 27.f4 Nd3 28.b4 Ne1 29.g4 Ng2
30.g5 hxg5 31.hxg5 Nxe3 32.Ra7 Nd5 33.f5 exf5 34.Nxf5 Nc3+ 35.Kb2 Ne4 36.g6 Ng5
37.Ne7+ Kh8 38.Rxa6 Re8 39.Ra7 fxg6 40.Nxg6+ Kh7 41.Nf4 Rd8 42.Kc3 Rc8+ 43.Kd3 Rd8+
44.Ke3 Re8+ 45.Kd4 Re4+ 46.Kc5 Rxf4 47.Kxb5 Rf5+ 48.Kb6 Nf7 49.Rd7 Ne5 50.Rd4 g5
51.a4 Rf4 52.Rxf4 gxf4 53.a5 Nc4+ 54.Kc5 Nxa5 55.bxa5  1/2-1/2

[Event "TCh-AUT B"]
[Site "Mitte AUT"]
[Date "2002.10.11"]
[Round "6"]
[White "Farago,I"]
[Black "Benda,H"]
[Result "1/2-1/2"]
[WhiteElo "2474"]
[BlackElo "2251"]

1.d4 d5 2.c4 e6 3.Nf3 Be7 4.Nc3 Nf6 5.Bf4 c6 6.e3 Nbd7 7.Qc2 O-O 8.Rd1 h6
9.a3 a5 10.c5 b5 11.cxb6 Nxb6 12.Ne5 Bb7 13.Be2 Nfd7 14.O-O Nxe5 15.Bxe5 Nd7
16.Bg3 Qb6 17.b4 axb4 18.axb4 Ba6 19.Bxa6 Qxa6 20.Rb1 Rfc8 21.Rfc1 Nb6 22.h3 Nc4
23.Qe2 Bd6 24.Ne4 Bxg3 25.Nxg3 Qa2 26.Qd1 Qd2 27.Qf1 Nd6 28.Rd1 Qc2 29.Qe1 Nb5
30.Ne2 Ra2 31.Nf4 Qf5 32.Ra1 Rca8 33.Rxa2 Rxa2 34.Nd3  1/2-1/2

[Event "TCh-AUT B"]
[Site "Mitte AUT"]
[Date "2002.10.11"]
[Round "6"]
[White "Pilaj,H"]
[Black "Heimberger,R"]
[Result "1/2-1/2"]
[WhiteElo "2360"]
[BlackElo "2312"]

1.d4 d5 2.Nf3 Nf6 3.c4 e6 4.Nc3 Be7 5.Bf4 O-O 6.e3 c6 7.h3 Nbd7 8.c5 b6 9.b4 Ne4
10.Nxe4 dxe4 11.Ne5 Nxe5 12.Bxe5 a5 13.a3 Qd5 14.Rc1 b5 15.a4 Bd7 16.axb5 cxb5
17.bxa5 Bd8 18.Be2 Bxa5+ 19.Kf1 Rfc8 20.g3 Bc6 21.Kg2 Bc7 22.Bxc7 Rxc7 23.Rb1 Rb7
24.Qd2 Qd7 25.Ra1 Rba7 26.Rxa7 Qxa7 27.Rb1 Qd7 28.Qb2 g6 29.h4 h5 30.Qc3 Ra2
31.Bf1 Kh7 32.Rb4 Ra4 33.Rb3 Ra2 34.Rb4  1/2-1/2

[Event "FIDE World Cup QF"]
[Site "Hyderabad IND"]
[Date "2002.10.16"]
[Round "2"]
[White "Dreev,A"]
[Black "Short,N"]
[Result "1/2-1/2"]
[WhiteElo "2673"]
[BlackElo "2684"]

1.d4 Nf6 2.c4 e6 3.Nf3 d5 4.Nc3 Be7 5.Bf4 O-O 6.e3 c5 7.dxc5 Bxc5 8.cxd5 Nxd5
9.Nxd5 exd5 10.a3 Nc6 11.Bd3 Bb6 12.O-O d4 13.Qc2 h6 14.e4 Bg4 15.Nd2 Rc8
16.Qa4 Qf6 17.Bg3 Ne5 18.Bxe5 Qxe5 19.Nc4 Qf4 20.Rfe1 Rfd8 21.e5 Qg5 22.Nd6 Bf3
23.g3 Rc7 24.h4 Qh5 25.Qb3 Bc5 26.Ne4 Qg4 27.Kh2 Be7 28.Nd2 Bd5 29.Qd1  1/2-1/2

[Event "FIDE World Cup QF"]
[Site "Hyderabad IND"]
[Date "2002.10.16"]
[Round "4"]
[White "Dreev,A"]
[Black "Short,N"]
[Result "1-0"]
[WhiteElo "2673"]
[BlackElo "2684"]

1.d4 Nf6 2.c4 e6 3.Nf3 d5 4.Nc3 Be7 5.Bf4 c5 6.dxc5 Na6 7.e3 Nxc5 8.cxd5 Nxd5
9.Nxd5 exd5 10.Bb5+ Bd7 11.Bxd7+ Qxd7 12.O-O O-O 13.Qe2 Rfd8 14.Rfd1 Rac8
15.Be5 b5 16.Bc3 Qb7 17.Ba5 Rd7 18.Rac1 Bf6 19.Rc2 Na4 20.Rxc8+ Qxc8 21.b3 Nb2
22.Rf1 Qa6 23.Bb4 Qxa2 24.Nd4 Rc7 25.Qxb5 Rc8 26.Qb7 Re8 27.Qc6 Rd8 28.Qc2 Bxd4
29.exd4 Rb8 30.Qc7 Re8 31.Qc6 Rd8 32.Be7 Rb8 33.Bd6 Rd8 34.Bc7 Rf8 35.Bd6 Rd8
36.Bc7 Rf8 37.Qxd5 h6 38.h4 Nd3 39.Bg3 Re8 40.Qb5 Qe2 41.Ra1 Qe4 42.d5 Ne1
43.f3 Qd4+ 44.Kh2 Nxf3+ 45.gxf3 Qb2+ 46.Kh3 Re3 47.Re1 Rxe1 48.Bxe1 Qe5 49.Bg3 Qf5+
50.Kg2 Qc2+ 51.Bf2 Qg6+ 52.Kh2  1-0

[Event "Bundesliga 2002-3"]
[Site "Bremen GER"]
[Date "2002.10.20"]
[Round "2"]
[White "Schandorff,L"]
[Black "Vaganian,R"]
[Result "0-1"]
[WhiteElo "2546"]
[BlackElo "2667"]

1.d4 d5 2.c4 e6 3.Nf3 Nf6 4.Nc3 Be7 5.Bf4 O-O 6.e3 Nbd7 7.a3 dxc4 8.Bxc4 Nb6
9.Bd3 Nbd5 10.Bg3 Nxc3 11.bxc3 b6 12.e4 Bb7 13.Qc2 Nh5 14.O-O c5 15.d5 Nxg3
16.hxg3 exd5 17.exd5 g6 18.c4 Bf6 19.Rae1 Qd7 20.Qd2 Rae8 21.Qf4 Bc3 22.Rc1 Bg7
23.Rfe1 h6 24.g4 Bc8 25.g5 Qg4 26.Qxg4 Bxg4 27.gxh6 Bxh6 28.Rb1 Bg7 29.a4 Bc3
30.Rec1 Bb4 31.Nd4 Bd7 32.Nb5 a5 33.Rc2 Re5 34.Re2 Rfe8 35.Rxe5 Rxe5 36.Kf1 Bxb5
37.cxb5 Rxd5 38.Ke2 Re5+ 39.Kf3 Bc3 40.Rc1 Bd4 41.g4 Re6 42.Rf1 Rf6+ 43.Kg3 Be5+
44.f4 Bc7 45.g5 Rd6 46.Rf3 Rd4 47.Bc2 c4 48.Kg4 Kg7 49.Rf2 f5+ 50.gxf6+ Kxf6
51.Kf3 Rxf4+ 52.Ke3 Rxf2 53.Kxf2 g5 54.Ke3 Ke5 55.Bd1 Bd6 56.Be2 Bc5+ 57.Kd2 Kd4  0-1

[Event "Gp B"]
[Site "Cap d'Agde FRA"]
[Date "2002.10.25"]
[Round "4"]
[White "Dreev,A"]
[Black "Onischuk,Al"]
[Result "1/2-1/2"]
[WhiteElo "2673"]
[BlackElo "2649"]

1.d4 Nf6 2.c4 e6 3.Nf3 d5 4.Nc3 Be7 5.Bf4 O-O 6.e3 c5 7.dxc5 Bxc5 8.cxd5 Nxd5
9.Nxd5 exd5 10.a3 Nc6 11.Bd3 Bb6 12.O-O d4 13.Qc2 h6 14.e4 Bg4 15.Ne5 Nxe5
16.Bxe5 Rc8 17.Qd2 Be6 18.Rac1 Qd7 19.h3 Rxc1 20.Rxc1 Rc8 21.Rxc8+ Qxc8 22.Qf4 Qd8
23.Bd6 Qg5 24.Qxg5 hxg5 25.e5 f5 26.exf6 gxf6 27.f4 gxf4 28.Bxf4 Kf7 29.Kf2 f5
30.Be5 Bd5 31.g4 Be4 32.Ke2 Kg6 33.gxf5+ Kxf5 34.Bd6 Bd8 35.Bc5 Ke5 36.Bxe4 Kxe4
37.Bxa7 d3+ 38.Kd1 Bf6 39.b3 b5 40.Bc5 Bg5 41.Bb4 Kf3 42.Be1 Be7 43.Bb4 Bg5
44.a4 bxa4 45.bxa4 Kg3 46.a5 Be3 47.Bd6+ Kxh3 48.Bc7 Kg4 49.Bb6 Bf4 50.a6 Bb8
51.Kd2 Kf5 52.Kxd3 Ke6 53.Kc4 Kd6 54.Kb5 Kd7 55.Kc5 Bd6+ 56.Kb5 Kc8 57.Kc6 Kb8
58.Kxd6 Ka8  1/2-1/2

[Event "Gp A"]
[Site "Cap d'Agde FRA"]
[Date "2002.10.26"]
[Round "7"]
[White "Lautier,J"]
[Black "Karpov,An"]
[Result "1-0"]
[WhiteElo "2665"]
[BlackElo "2688"]

1.d4 Nf6 2.c4 e6 3.Nf3 d5 4.Nc3 Be7 5.Bf4 O-O 6.e3 c5 7.dxc5 Bxc5 8.a3 Be7
9.Qc2 Nc6 10.Be2 dxc4 11.Bxc4 Nh5 12.Rd1 Qa5 13.Bd6 Bxd6 14.Rxd6 Rd8 15.Rxd8+ Qxd8
16.O-O Bd7 17.Rd1 Nf6 18.Ne4 Nxe4 19.Qxe4 Qe7 20.Ng5 Qxg5 21.Rxd7 Rd8 22.h4 Qf6
23.Rxb7 Na5 24.Rxa7 Nxc4 25.Qxc4 Qxb2 26.Qf4 Qf6 27.Qxf6 gxf6 28.g4 Kg7 29.Kg2 Rd5
30.a4 h5 31.gxh5 Rxh5 32.Kg3 Rc5 33.a5 Kg6 34.Ra8 Kg7 35.a6 Ra5 36.Kf3 Ra4
37.h5 f5 38.a7 e5 39.h6+ Kh7 40.Ke2 Ra3 41.f4 exf4 42.exf4 f6 43.Kd2  1-0

[Event "10th Chigorin Mem"]
[Site "St Petersburg RUS"]
[Date "2002.10.26"]
[Round "2"]
[White "Shinkevich,V"]
[Black "Doroshkievich,V"]
[Result "1/2-1/2"]
[WhiteElo "2478"]
[BlackElo "2412"]

1.d4 d5 2.c4 e6 3.Nc3 Be7 4.Nf3 Nf6 5.Bf4 O-O 6.e3 b6 7.Bd3 dxc4 8.Bxc4 Bb7
9.O-O a6 10.Qe2 b5 11.Bb3 c5 12.dxc5 Nbd7 13.Rfd1 Qe8 14.a3 Nxc5 15.Bc2 Rd8
16.Ne5 Rxd1+ 17.Rxd1 Qa8 18.Bg5 Nce4 19.Nxe4 Bxe4 20.Bxf6 Bxf6 21.Nd7 Bxc2
22.Qxc2 Rc8 23.Nxf6+ gxf6 24.Qd3 Qc6 25.h3 Qc2 26.Qd4 Qf5 27.Qd6 Kg7 28.Qd3  1/2-1/2

[Event "Olympiad w"]
[Site "Bled SLO"]
[Date "2002.10.27"]
[Round "2"]
[White "Caoili,A"]
[Black "Mkrtchian,L"]
[Result "1/2-1/2"]
[WhiteElo "2309"]
[BlackElo "2409"]

1.d4 d5 2.Nf3 Nf6 3.c4 e6 4.Nc3 Be7 5.Bf4 O-O 6.e3 Nbd7 7.Qc2 c5 8.Rd1 cxd4
9.exd4 dxc4 10.Bxc4 Nb6 11.Bb3 Nbd5 12.Bg5 b6 13.O-O Bb7 14.Ne5 Rc8 15.Qd3 Nxc3
16.bxc3 Ne4 17.Bxe7 Qxe7 18.c4 Rfd8 19.Bc2 Qh4 20.f3 Nd6 21.Bb3 Ba6 22.Rfe1 Rc7
23.g3 Qg5 24.d5 exd5 25.Qxd5 Bb7 26.Qd4 h5 27.Qf2 Rc5 28.f4 Qf6 29.Bc2 Rcc8
30.Qe2 g6 31.Rd2 Nxc4 32.Nxc4 Rxd2 33.Qxd2 Rxc4 34.Bb3 Rd4 35.Qc2 Kg7 36.Qc7 Be4
37.Bxf7 Qxf7 38.Qe5+ Qf6 39.Rxe4 Qxe5 40.Rxe5 Rd1+ 41.Kf2 Rd2+ 42.Re2 Rd7  1/2-1/2